Βελτιστοποίηση χαρτοφυλακίου μετοχών υπό διαφορετικούς επενδυτικούς στόχους : εφαρμογή σε διαφορετικές χρηματιστηριακές αγορές και χρονικές περιόδους : διπλωματική εργασία

Saved in:
Bibliographic Details
Main Author: Γάκας, Παναγιώτης
Corporate Author: Πανεπιστήμιο Αιγαίου Τμήμα Μηχανικών Οικονομίας και Διοίκησης - Τ.Μ.Ο.Δ. Σχολή Επιστημών της Διοίκησης
Other Authors: Δούνιας, Γεώργιος Δ. (Thesis advisor)
Format: Thesis Book
Language:Greek
Published: [2013?]
Subjects:
Online Access:http://hdl.handle.net/11610/8425
Tags: Add Tag
No Tags, Be the first to tag this record!

MARC

LEADER 00000cam a2200000 i 4500
001 1/47755
008 140521q2013 gre d
035 |l 10117712 
040 |a GR-MY-UA  |b gre  |e aacr 
041 0 |a gre 
082 0 |a 332.6  |2 (23) 
100 1 |a Γάκας, Παναγιώτης. 
245 1 0 |a Βελτιστοποίηση χαρτοφυλακίου μετοχών υπό διαφορετικούς επενδυτικούς στόχους :  |b εφαρμογή σε διαφορετικές χρηματιστηριακές αγορές και χρονικές περιόδους : διπλωματική εργασία /  |c Γάκας Παναγιώτης ; επιβλέπων: Γεώργιος Δούνιας 
260 |c [2013?] 
300 |a vi, 63 σ.;  |b πίν., διαγρ.;  |c 30 εκ. 
502 # # |a Πτυχιακή εργασία – Πανεπιστήμιο Αιγαίου, Χίος, 2013. 
504 |a Περιλαμβάνει βιβλιογραφία 
650 0 0 |a Portfolio management. 
650 0 0 |a Investment analysis. 
650 0 0 |a Genetic algorithms. 
650 0 0 |a Business enterprises  |x Finance. 
650 0 0 |a Dissertations, Academic  |z Greece. 
700 1 |4 ths  |a Δούνιας, Γεώργιος Δ. 
710 1 |a Πανεπιστήμιο Αιγαίου Τμήμα Μηχανικών Οικονομίας και Διοίκησης - Τ.Μ.Ο.Δ.  |b Σχολή Επιστημών της Διοίκησης. 
852 |a INST  |b CHIOS  |c DIATR  |e 20140521  |h 332.1 ΓΑΚ  |p 005200036026  |q 005200036026  |t DIE  |y 23 
852 |a INST  |b CHIOS  |c DIATR  |e 20140521  |h 332.1 ΓΑΚ  |p 005200036027  |q 005200036027  |t DIE  |y 23 
856 |u http://hdl.handle.net/11610/8425 
901 |a BIBL2-2014-2 
909 |a Χ  |b 180743 
909 |a Χ  |b 180744 
924 |a ΓΑΚΑΣ  |b ΠΑΝΑΓΙΩΤΗΣ  |y ΧΙΟΣ  |z 2013-08 
970 |a ΠΑΡΟΙΚΑΚΗ  |b ΒΑΣΙΛΙΚΗ  |z 2014/05/21